000 00323nam a2200133Ia 4500
005 20251222144907.0
008 251222s9999||||xx |||||||||||||| ||spa||
020 _a84-453-1413-0
082 _a709.467/P43
100 _aPerejaume
245 0 _aTres Dibujos
264 _bCentro Galego de Arte Contemporáneo
942 _cLIB
999 _c22187
_d22187